<?xml version="1.0" encoding="UTF-8"?>
<record
    xmlns:xsi="http://www.w3.org/2001/XMLSchema-instance"
    xsi:schemaLocation="http://www.loc.gov/MARC21/slim http://www.loc.gov/standards/marcxml/schema/MARC21slim.xsd"
    xmlns="http://www.loc.gov/MARC21/slim">

  <leader>00625nam a2200205u  4500</leader>
  <datafield tag="999" ind1=" " ind2=" ">
    <subfield code="c">5423</subfield>
    <subfield code="d">5423</subfield>
  </datafield>
  <controlfield tag="001">783007</controlfield>
  <controlfield tag="003">OSt</controlfield>
  <controlfield tag="005">20190103184416.0</controlfield>
  <controlfield tag="008">740125c19671966nju           000 0 eng u</controlfield>
  <datafield tag="040" ind1=" " ind2=" ">
    <subfield code="c">DLC</subfield>
  </datafield>
  <datafield tag="082" ind1=" " ind2=" ">
    <subfield code="a">248.88</subfield>
    <subfield code="b">W119L</subfield>
  </datafield>
  <datafield tag="090" ind1=" " ind2=" ">
    <subfield code="a">BV4596.B8</subfield>
    <subfield code="b">W3</subfield>
  </datafield>
  <datafield tag="100" ind1="1" ind2=" ">
    <subfield code="a">Wade, Marion E</subfield>
  </datafield>
  <datafield tag="245" ind1="1" ind2="4">
    <subfield code="a">The Lord is my counsel :</subfield>
    <subfield code="b">a businessman's personal experiences with the Bible /</subfield>
    <subfield code="c">by Marion E. Wade with Glenn D. Kittler</subfield>
  </datafield>
  <datafield tag="260" ind1=" " ind2=" ">
    <subfield code="a">Englewood Cliffs, NJ :</subfield>
    <subfield code="b">Prentice-Hall,</subfield>
    <subfield code="c">[1967, c1966]</subfield>
  </datafield>
  <datafield tag="300" ind1=" " ind2=" ">
    <subfield code="a">ix, 178 p. ;</subfield>
    <subfield code="c">21 cm</subfield>
  </datafield>
  <datafield tag="650" ind1=" " ind2="0">
    <subfield code="a">Businessmen</subfield>
    <subfield code="x">Religious life</subfield>
  </datafield>
  <datafield tag="700" ind1="1" ind2="0">
    <subfield code="a">Kittler, Glenn D</subfield>
  </datafield>
  <datafield tag="942" ind1=" " ind2=" ">
    <subfield code="2">ddc</subfield>
    <subfield code="c">BK</subfield>
  </datafield>
  <datafield tag="952" ind1=" " ind2=" ">
    <subfield code="0">0</subfield>
    <subfield code="1">0</subfield>
    <subfield code="2">ddc</subfield>
    <subfield code="4">0</subfield>
    <subfield code="7">0</subfield>
    <subfield code="8">NFIC</subfield>
    <subfield code="a">HMC</subfield>
    <subfield code="b">HMC</subfield>
    <subfield code="c">GEN</subfield>
    <subfield code="d">2019-01-03</subfield>
    <subfield code="g">850.00</subfield>
    <subfield code="l">0</subfield>
    <subfield code="o">248.88 W119L</subfield>
    <subfield code="p">006192</subfield>
    <subfield code="r">2019-01-03 00:00:00</subfield>
    <subfield code="w">2019-01-03</subfield>
    <subfield code="y">BK</subfield>
  </datafield>
</record>
